| 000 | 00492 a2200169 4500 | ||
|---|---|---|---|
| 003 | OSt | ||
| 005 | 20240823112335.0 | ||
| 008 | 231019b |||||||| |||| 00| 0 eng d | ||
| 020 | _a9788193456583 | ||
| 040 | _coclc | ||
| 082 |
_a297 _bARE/J |
||
| 100 |
_aAl areefi, Mohammed _99760 |
||
| 245 |
_aJEEVITHAM ASWADIKKOO... / _cDr. Mohammed Al areefi |
||
| 260 |
_bArabian book house, _c2018. _aMalappuram: |
||
| 300 | _a400 p | ||
| 942 |
_2ddc _cBK _h297 _iARE/J _k297 _mARE/J |
||
| 999 |
_c42651 _d42651 |
||